Geography : The World and its people
Geography: The World and Its People is the only program specifically developed for inquiring middle school students and co-authored by the National Geographic Society. It brings the world to your classroom with bold graphics, hands-on activities, a variety of themes, and the vivid, in-depth research...
محفوظ في:
| المؤلف الرئيسي: | |
|---|---|
| التنسيق: | كتاب |
| اللغة: | Undetermined |
| منشور في: |
New York
Glencoe/McGraw-Hill
2000
|
| الموضوعات: | |
| الوسوم: |
إضافة وسم
لا توجد وسوم, كن أول من يضع وسما على هذه التسجيلة!
|
| Thư viện lưu trữ: | Trung tâm Học liệu Trường Đại học Cần Thơ |
|---|
| LEADER | 01083nam a2200229Ia 4500 | ||
|---|---|---|---|
| 001 | CTU_137571 | ||
| 008 | 210402s9999 xx 000 0 und d | ||
| 020 | |c 51.96 | ||
| 082 | |a 910 | ||
| 082 | |b G345/Vol.1 | ||
| 100 | |a Boehm, Ricchard G. | ||
| 245 | 0 | |a Geography : | |
| 245 | 4 | |b The World and its people | |
| 245 | 0 | |c Ricchard G. Boehm, David G. Armstrong, Francis P. Hunkins ; National Geographic Society | |
| 260 | |a New York | ||
| 260 | |b Glencoe/McGraw-Hill | ||
| 260 | |c 2000 | ||
| 520 | |a Geography: The World and Its People is the only program specifically developed for inquiring middle school students and co-authored by the National Geographic Society. It brings the world to your classroom with bold graphics, hands-on activities, a variety of themes, and the vivid, in-depth research and resources for which the National Geographic Society is known. | ||
| 650 | |a Geography,Địa lý,Geography | ||
| 650 | |x Học và giảng dạy (Trung học),Study and teaching (Secondary) | ||
| 904 | |i Giang | ||
| 980 | |a Trung tâm Học liệu Trường Đại học Cần Thơ | ||